000 00665nam a2200241Ia 4500
003 OSt
005 20220926010245.0
006 a|||||r|||| 00| 0
007 ta
008 220923b |||||||| |||| 00| 0 eng d
037 _cGeneral Book
040 _aRTL
_cRTL
_beng
041 _2eng
_aeng
082 _aY.2.P, P3/TD
100 _aDeshpande Satish
_9306633
245 0 _aContemporary India
_b Sociological view
260 _a New Delhi
_bViking
_c2003
300 _axi, 213p.
_ccm.
500 _aBibliography: P 196-207
650 _aSociology
942 _hY.2.P, P3/TD
_cGB
_2CC
999 _c616831
_d616831